Normal view
MARC view
Entry Topical Term
001 - CONTROL NUMBER
- control field: 9659
003 - CONTROL NUMBER IDENTIFIER
- control field: BD-RjUL
005 - DATE AND TIME OF LATEST TRANSACTION
- control field: 20231018115824.0
008 - FIXED-LENGTH DATA ELEMENTS
- fixed length control field: 231018|| aca||aabn | a|a d
040 ## - CATALOGING SOURCE
- Original cataloging agency: BD-RjUL
- Transcribing agency: BD-RjUL
150 ## - HEADING--TOPICAL TERM
- Topical term or geographic name entry element: Urdu language
- Form subdivision: Dictionaries
670 ## - SOURCE DATA FOUND
- Source citation: Work cat.: (BD-RjUL)78575: مجموعة الفاظ ضروري مسمي به لغات کیشوری. ;; Majmūʻah-yi alfāẓ-i z̤arūrī musammā bah Lughāt-i Kishvarī. /, 1964.